• 首页
  • 本馆介绍
  • 公告通知
  • 最新文献
  • 馆藏检索
  • 电子资源
  • 读者导购
  • 参考咨询
  • 我的图书馆
  • 登录
  • 详细信息显示
  • 放入我的书架
  • 预约/预借图书
  • 作者相关作品
  • 分类相关作品
  • 丛书相关作品
  • 出版社相关作品

书目信息

  • 表格格式
  • 工作单格式
  • 卡片格式
题名:
养鸡与鸡病防治
    
 
作者: 史孝孔 主编
分册:  
出版信息:   中国农业出版社  1998.03
页数: 389页
开本: 32开
丛书名:
单 册:
中图分类: S858.31
科图分类:
主题词: 兽医学
电子资源:
ISBN: 978-7-81066-754-8
000 00542nam0 2200193 45
001 0308271065
005 20030827105713.2
010    @a978-7-81066-754-8@dRMB13.80
100    @a20030827d1998 km y0chiy0120 ea
101    @achi
105    @a z 000yy
200 1  @a养鸡与鸡病防治@Ayang ji yu ji bing fang zhi@f史孝孔主编@Fshi xiao kong zhu bian
210    @c中国农业出版社@d1998.03
215    @a389页@c无图表@d32开
606 0  @a兽医学
690    @aS858.31@v3
701  0 @a史孝孔@4主编
801    @aCN@b@c20030827
905    @aBZT@dS858.31@e65
    
    养鸡与鸡病防治/史孝孔主编.-中国农业出版社,1998.03
    389页:无图表;32开
    
    
    ISBN 978-7-81066-754-8:RMB13.80
    
●
相关链接 在五车中查询图书 在当当中查询图书 在豆瓣中查询图书


正题名:养鸡与鸡病防治     索取号:S858.31/65         预约/预借

序号 登录号 条形码 馆藏地/架位号 状态 备注
1 102289   200319805   中心书库中库/ 中库031架A面5列3层44/ [索取号:S858.31/65] 在馆    
2 102291   200319770   中心书库中库/ 中库031架A面5列1层41/ [索取号:S858.31/65] 在馆    
3 102292   200319752   中心书库中库/ 中库031架A面5列3层42/ [索取号:S858.31/65] 在馆    
4 102294   200319761   中心书库中库/ 中库031架A面5列3层41/ [索取号:S858.31/65] 在馆    
5 102295   200319814   中心书库中库/ 中库031架B面9列5层10/ [索取号:S858.31/65] 在馆    
6 102296   200320027   中心书库中库/ 中库031架A面5列1层40/ [索取号:S858.31/65] 在馆    
7 102297   200320018   中心书库中库/ 中库031架A面5列3层43/ [索取号:S858.31/65] 在馆    
8 102298   200319789   中心书库中库/ 中库031架A面5列1层38/ [索取号:S858.31/65] 在馆    
9 99409   200319994   中心书库中库/ 中库031架A面5列3层46/ [索取号:S858.31/65] 在馆    
10 99410   200319841   中心书库中库/ 中库031架A面5列1层37/ [索取号:S858.31/65] 在馆    
11 99411   200319262   中心书库中库/ 中库031架A面5列3层45/ [索取号:S858.31/65] 在馆    
12 99412   200320009   中心书库中库/ 中库031架A面5列1层39/ [索取号:S858.31/65] 在馆    
13 99413   200319798   中心书库中库/ 中库031架B面9列5层30/ [索取号:S858.31/65] 在馆    
14 99414   200319823   中心书库中库/ 中库031架A面5列1层36/ [索取号:S858.31/65] 在馆    
15 99415   200319306   中心书库中库/ 中库031架B面9列7层15/ [索取号:S858.31/65] 在馆    
16 99416   200319299   中心书库中库/ 中库031架B面9列5层32/ [索取号:S858.31/65] 在馆    
山东省滨州职业学院图书馆 欢迎您!
大连网信软件有限公司© 版权所有